000 00437nam a2200169Ia 4500
008 170705s9999 xx 000 0 und d
020 _a9780694012237
245 _aHappy Easter, Biscuit! /
245 _cstory by Alyssa Satin Capucilli ; pictures by Pat Schories.
260 _aNew York :
260 _bScholastic,
260 _c2000
300 _aunpaged :
300 _bcolor illustration ;
300 _c20cm.
500 _aBR
999 _c337263
_d337263